000 00807cam a2200241ua 4500
001 5353
005 20260515113853.0
008 120823n ii |||gr||||Z||||||eng
020 _a978-93-81572-01-6
040 _cMAIN
082 _a004
100 1 _aRajendran, Vasanthi,
_eEditor.
245 1 1 _aA nation-wide evaluation of the rural information technology youth development centres
_ced. by Vasanthi Rajendran
_hMonographic Serials
250 _a1st.
260 _aTamil Nadu:
_bRajiv Gandhi National Institute of Youth Development,
_c2011.
300 _a87p.
653 _aComputer science
653 _aRural information technology youth development centres
700 1 _aNair, A. Radhakrishnan,
_eEditor.
700 1 _aPriscilla, S.,
_eEditor.
700 1 _aPaul, P. David,
_eEditor.
942 _cBK
999 _c4530
_d4530